000
00242nam a22001097a 4500
082
_a
658.11 DAL'G
100
_a
DALE, ERNEST
_9
56963
245
_a
THE GREAT ORGANIZERS
260
_a
NEWYORK
_b
MCGRAW HILL
_c
1960
300
_a
277P
942
_c
BK
999
_c
567285
_d
567285